Storage and Supply of Materials (Record no. 2579)

MARC details
005 - DATE AND TIME OF LATEST TRANSACTION
control field 20250523144307.0
020 ## - INTERNATIONAL STANDARD BOOK NUMBER
International Standard Book Number 027303331 X
082 ## - DEWEY DECIMAL CLASSIFICATION NUMBER
Classification number 658. 785 JES
100 ## - MAIN ENTRY--PERSONAL NAME
Author name JESSOP, D.
245 ## - TITLE STATEMENT
Title Storage and Supply of Materials
250 ## - EDITION STATEMENT
Edition statement 6th Ed.
260 ## - PUBLICATION, DISTRIBUTION, ETC.
Place of publication, distribution, etc. London.
Name of publisher, distributor, etc. Pitman,
Date of publication, distribution, etc. 1986.
300 ## - PHYSICAL DESCRIPTION
Extent vii, 317p.: ill.; figure, table.
Other physical details Index.
Dimensions 22cm.
700 ## - ADDED ENTRY--PERSONAL NAME
Other authors/Editors MORRISON, A.
942 ## - ADDED ENTRY ELEMENTS (KOHA)
Source of classification or shelving scheme Dewey Decimal Classification
Koha item type Books
Holdings
Date last seen Total checkouts Full call number Barcode Cost, replacement price Price effective from Koha item type Lost status Source of classification or shelving scheme Damaged status Not for loan Withdrawn status Home library Current library Shelving location Date acquired Cost, normal purchase price
05/23/2025   658. 785 JES 0000009705 30000.00 05/23/2025 Books   Dewey Decimal Classification       College of Business Education Main Library College of Business Education Main Library General Collection 07/30/2020 10000.00
06/02/2025   658..785 JES 00000010636 30000.00 06/02/2025 Books   Dewey Decimal Classification       College of Business Education Main Library College of Business Education Main Library Special Reserve Collection 07/30/2020 10000.00